Estudios sobre participación política indígena: Bolivia, Colombia, Ecuador, México, Panamá, Perú

Uloženo v:
Podrobná bibliografie
Korporativní autor: Instituto Interamericano de Derechos Humanos (Autor)
Médium: Kniha
Jazyk:španělština
Vydáno: San José Instituto Interamericano de Derechos Humanos 2007
Vydání:1a. ed
Témata:
Tagy: Přidat tag
Žádné tagy, Buďte první, kdo vytvoří štítek k tomuto záznamu!

MARC

LEADER 00000cam a2200000 a 4500
001 UCB0017
003 CL-VaPUC
005 20221025074414.0
008 191206e20070000cr spa d
020 |a 9789968917674 
082 0 4 |a 323.7  |b INS  |2 21 
110 2 |a Instituto Interamericano de Derechos Humanos  |e author  |9 605334 
245 1 0 |a Estudios sobre participación política indígena: Bolivia, Colombia, Ecuador, México, Panamá, Perú 
250 |a 1a. ed 
260 |a San José  |b Instituto Interamericano de Derechos Humanos  |c 2007 
300 |a 165 p 
583 |a last modification  |c 20191206 10:52:00  |k Rodrigo Vera 
650 0 0 |a Pueblos indígenas   |9 357564 
650 0 7 |a PARTICIPACION POLITICA  |2 CL-VaPUC  |9 605335 
942 |c BK 
945 |a dcastane  |d 20191206 10:52:00 
999 |c 376269  |d 376267 
952 |0 0  |1 0  |3 erb  |4 0  |6 323_700000000000000_INS_2007  |7 0  |8 A  |9 495630  |a BIBDER  |b BIBDER  |e Mateluna Arestizabal, Alfredo Sergio  |i 5611075  |o 323.7 INS 2007  |p 5611075  |r 2023-01-25  |w 2020-01-06  |y BK  |z Catalogado en:20191206  |k DER